Nalaganje...

A history of the Soviet Union from the begining to the end

Bibliografske podrobnosti
Glavni avtor: Kenez, Peter
Format: Printed Book
Jezik:English
Izdano: UK, Cambridge university press 1999
Teme:
LEADER 005030000a22001690004500
041 |a eng 
082 |a 947 N9 
100 |a Kenez, Peter 
245 |a A history of the Soviet Union from the begining to the end 
260 |a UK, Cambridge university press 
260 |c 1999 
650 |a History 
650 |a Soviet Union 
650 |a Stalinism 
942 |c BK 
999 |c 139445  |d 139441 
952 |0 0  |1 0  |4 0  |6 947_000000000000000_N9  |7 0  |9 138227  |a SIRP  |b SIRP  |d 2017-10-05  |l 0  |o 947 N9  |p SIRP03463  |r 2017-10-05  |w 2017-10-05  |y BK